<?xml version="1.0" encoding="UTF-8"?>
<collection xmlns="http://www.loc.gov/MARC21/slim">
  <record>
    <leader>00000nam  2200000   4500</leader>
    <controlfield tag="001">INLIS000000000015912</controlfield>
    <controlfield tag="005">20230929124247</controlfield>
    <datafield tag="035" ind1="#" ind2="#">
      <subfield code="a">0010-0923000153</subfield>
    </datafield>
    <controlfield tag="007">ta</controlfield>
    <controlfield tag="008">230929################|##########|#|##</controlfield>
    <datafield tag="084" ind1="#" ind2="#">
      <subfield code="a">R 124 PIM I 2022</subfield>
    </datafield>
    <datafield tag="100" ind1=" " ind2="#">
      <subfield code="a">Fauqi Achmad Kharir</subfield>
    </datafield>
    <datafield tag="245" ind1="1" ind2="#">
      <subfield code="a">Pengawasan Kolaboratif dan Integratif atas Optimalisasi Pendapatan Asli Daerah /</subfield>
      <subfield code="c">Fauqi Achmad Kharir</subfield>
    </datafield>
    <datafield tag="250" ind1="#" ind2="#">
      <subfield code="a">1</subfield>
    </datafield>
    <datafield tag="260" ind1="#" ind2="#">
      <subfield code="a">Jakarta :</subfield>
      <subfield code="b">Pusbangkom Pimnas dan Manajerial ASN,</subfield>
      <subfield code="c">2022</subfield>
    </datafield>
    <datafield tag="300" ind1="#" ind2="#">
      <subfield code="a">- :</subfield>
      <subfield code="b">ilus ;</subfield>
      <subfield code="c">30 cm</subfield>
    </datafield>
    <datafield tag="650" ind1="#" ind2="4">
      <subfield code="a">Anggaran Administrasi Negara</subfield>
    </datafield>
    <datafield tag="520" ind1="#" ind2="#">
      <subfield code="a">Berangkat dari makna kolaborasi dan integrasi, dimana kolaborasi secara umum dipahami sebagai proses bekerja sama untuk menelurkan gagasan atau ide dan menyelesaikan masalah secara bersama-sama menuju visi bersama. Sedangkan integrasi dimaknai sebagai aktivitas menyatukan komponen yang lebih kecil ke dalam satu sistem yang berfungsi sebagai satu kesatuan dan terpadu untuk mencapai tujuan yang sama. Demikian halnya dengan tujuan dari pengawasan intern, adalah mengawal seluruh program pemerintah untuk memberikan keyakinan bahwa seluruh program telah dijalankan sesuai dengan peraturan yang berlaku dan memberikan nilai tambah ekonomi bagi kesejahteraan masyarakat.</subfield>
    </datafield>
    <datafield tag="990" ind1="#" ind2="#">
      <subfield code="a">124</subfield>
    </datafield>
  </record>
</collection>
